Jelen levő múlt

Podrobná bibliografia
Hlavný autor: Grendel, Ágota, 1953- (Autor)
Médium: Článok
Jazyk:maďarčina
Fyzický popis:Fotogr.
ISSN:1335-7050
Predmet:

MARC

LEADER 00000nab a2200000 ar4500
001 vtls009287043
003 SK-MaSNL
005 20260319070957.0
008 080418c20080401xo |||||||| 000 b|hun
015 |a SNBRB2008/04  |2 snkbucl 
038 |a SNKBUCL 
040 |a DSZK  |b slo  |c DSZK  |e AACR2 
041 0 |a hun 
044 |a xo  |c SK 
080 |a 398  |x (=511.141)  |x (437.6)  |2 1997 
100 1 |a Grendel, Ágota,  |d 1953-  |4 aut  |9 215762 
245 1 0 |a Jelen levő múlt  |c Grendel Ágota 
300 |b Fotogr. 
650 0 7 |a folklór  |2 snkbucl  |9 19213 
650 0 7 |a ľudové tradície  |2 snkbucl  |9 4960 
655 7 |a poznámky  |2 snkbucl  |9 285558 
773 0 |t Új szó  |g Évf. 61, sz. 76 (1.4.2008), o. [11]  |x 1335-7050 
773 0 8 |i Mell.:  |t Színfolk  |g Évf. 1, sz. 1 (2008) 
852 |a SNK  |b KIS3GCP 
852 |a DSZK  |b KIS3GCP 
958 |a HU 
958 |a SK 
999 |c 1730835  |d 1732765